00940 2200277 4500001002100000005001700021008004100038035002400079082001500103090002500118110005800143245018000201260008300381300002100464500002600485650003200511700002000543700001600563700001800579850000900597980001500606985000600621986000900627999001500636990001100651YOGYA-0209000006822820090227092038.0 ind  0010-020900000068228 a899.211111 a899.211111bPro PlT aPROYEK PENELITIAN DAN PENGKAJIAN KEBUDAYAAN NUSANTARA aPenelitian dan pengkajian naskah kuno D.I. Aceh "hikayat putroe hijoe"cProyek Penelitian dan Pengkajian Kebudayaan Nusantara ; editor H. Achmad Yunus, Suradi Hp, I Made Purna aJakaratbDepdikbud Proyek Penelitian dan Pengkajian Kebudayaan Nusantarac1988 av, 85 hlmc21 cm aBibliografi : hlm. 85 aKesusastraan Aceh - hikayat aYunus, H. Ahmad a6aSuradi Hp aPurna, I Made aBPAD a25-11-2008 a1 aRuni aA000009603 a9603-A